| 000 | 00490nam a22001697a 4500 | ||
|---|---|---|---|
| 005 | 20251108165956.0 | ||
| 008 | 250721s1992 xx 000 0 ara d | ||
| 020 | _a9775140293 | ||
| 082 | 1 | 4 | _aق/عي |
| 100 | 1 | _aعيسى، صلاح | |
| 245 | 1 | 0 |
_aبيان مشترك ضد الزمن : _bقصص و روايات قصيرة / |
| 264 | 1 |
_aالقاهرة : _bسينا للنشر، _c1992. |
|
| 300 | _a279ص | ||
| 650 | 1 | 7 | _aالقصص العربية |
| 942 |
_2ddc _cBK |
||
| 999 |
_c36380 _d36380 |
||